ბათუმის შოთა რუსთაველის სახელმწიფო უნივერსიტეტის ბიბლიოთეკა

Практические занятия по высшей математике. (ბიბ.ჩანაწერი № 39039)

000 -LEADER
fixed length control field 00716nam a2200205Ia 4500
001 - CONTROL NUMBER
control field 5559
003 - CONTROL NUMBER IDENTIFIER
control field GE_BSU
008 - FIXED-LENGTH DATA ELEMENTS--GENERAL INFORMATION
fixed length control field 181216s||||||||xx |||||||||||||| ||und||
040 ## - CATALOGING SOURCE
Transcribing agency GE_BSU
080 ## - UNIVERSAL DECIMAL CLASSIFICATION NUMBER
Universal Decimal Classification number 514.12
100 ## - MAIN ENTRY--PERSONAL NAME
Personal name Каплан И.А.
245 ## - TITLE STATEMENT
Title Практические занятия по высшей математике.
245 ## - TITLE STATEMENT
Remainder of title Изд. 5-Е, стереот. Ч. 1. Аналитическая геометрия на плоскости и в пространстве.
260 ## - PUBLICATION, DISTRIBUTION, ETC.
Place of publication, distribution, etc. Харьков
260 ## - PUBLICATION, DISTRIBUTION, ETC.
Name of publisher, distributor, etc. Изд-во ун-та.
260 ## - PUBLICATION, DISTRIBUTION, ETC.
Date of publication, distribution, etc. 1973
300 ## - PHYSICAL DESCRIPTION
Extent 203 с. 22 см.
653 ## - INDEX TERM--UNCONTROLLED
Uncontrolled term Практические занятия по высшей математике.
942 ## - ADDED ENTRY ELEMENTS (KOHA)
Koha item type წიგნი
ეგზემპლარები
Withdrawn status Lost status Damaged status Not for loan Date acquired Barcode Date last seen Price effective from Koha item type Public note
        2018-12-17 16384 2018-12-17 2018-12-17 წიგნი დარბაზი